000 00654nam a2200181Ia 4500
003 GCL
008 140319s9999 xx 000 0 ara d
040 _aGCL /
_cGCL
082 0 4 _a811.3
_bف ا
100 1 _aفاطمة محمد حميد السويدى
245 1 0 _aالاغتراب فى الشعر الاموى /
_cفاطمة محمد حميد السويدى
300 _a522 ص
650 0 4 _aالشعر الاموى
650 0 4 _aالادب العربى - تاريخ ونقد
650 0 4 _aالادب العربى - العصر الاموى
650 0 4 _aالشعر العربى - تاريخ ونقد - العصر الاموى
942 _2ddc
_cBK
999 _c51964
_d51964